02666nam a2200277 a 4500003000500000005001700005007001500022008004100037035001100078040000900089100002900098245025600127260000600383264004500389300006000434336002700494337002900521338004000550502002700590520157100617650001702188650003102205650004702236700005202283856005302335CHAP20241121114750.0cr || |||a|c|a110112s2010 mx r 00010 spa d a111885 cCHAP1 aOrozco Ávila, Armando.10aDescripción antropogénica actual en tres comunidades y estimación poblacional de codorniz escamosa (Callipepla squamata Vigors), de la Reserva de la Biosfera de Mapimíc/por Armando Orozco Ávila; director de tesis Gonzalo Hernández Ibarra. cx aBermejillo, Dgo. :bEl autor,cEl autor. a1 recurso en línea (71 páginas):bcuadros, figuras. 2rdacontentatextobtxt 2rdamediaacomputadorabc 2rdacarrierarecursos en líneabcr bISPcURUZAd2010.gLIC aEl presente trabajo se enfocó a estimar la población de Codorniz Escamosa (Callipepla squamata Vigors) en la Reserva de la Biosfera de Mapimí en los años 2009 y 2010; así como la disponibilidad de la gente de la reserva a la conservación, reproducción y aprovechamiento de la codorniz. La reserva cuenta con 342,388 ha de las cuales 28,532 ha pertenecen a la zona núcleo y 313,855 ha a la zona de amortiguamiento. La Codorniz Escamosa es una especie común para los habitantes de la región de la Reserva de la Biosfera de Mapimí, más no es una especie usualmente aprovechada; las encuestas realizadas mostraron un panorama real sobre la interacción de los pobladores con la codorniz. Se realizaron 10 transectos en tres ejidos de la reserva (La Flor, Granja Morelos y Estación Carrillo), de 5 km de largo por 50 m de ancho, con un resultado de 0.073 codornices ha-1. La abundancia no es alta debido a los disturbios (Climáticos, ecológicos y por los asentamientos humanos) en la zona amortiguamiento. La población encuestada (70 entrevistados) conoce bien la Codorniz Escamosa; sin embargo, no hay un aprovechamiento de la codorniz de manera integral, todos coinciden en que solo es aprovechada la fauna de la región en situaciones difíciles, por economía o climáticas. La cantidad de pobladores que han consumido la codorniz, es sumamente inferior a lo esperado en este estudio. La presente investigación proporcionara bases para estudios posteriores, por el acercamiento a la gente en el tema relacionado con la codorniz.14aAvesxRazas.14aCodornizxAprovechamiento.14aReserva de la Biósfera de Mapimí, Dgo.1 aHernández Ibarra, GonzaloeDirector de tesis. uhttp://10.13.5.2/tesis/111885.pdfzDESCARGAR PDF